[Event "Loire-ch op"]
[Site "Loire"]
[Date "2004.03.20"]
[Round "6"]
[White "Langlade, Remi"]
[Black "Mialon, Franck"]
[Result "1-0"]
[WhiteElo "1410"]
[BlackElo "1290"]
[PlyCount "93"]
[EventDate "2004.01.10"]
[EventType "swiss"]
[EventRounds "9"]
[EventCountry "FRA"]
[SourceTitle "EXT 2008"]
[Source "ChessBase"]
[SourceDate "2007.11.25"]
[SourceVersion "1"]
[SourceVersionDate "2007.11.25"]
[SourceQuality "1"]

1. e4 e5 2. Bc4 Bc5 3. d3 Qf6 4. Nf3 Qg6 5. g3 d6 6. h3 h6 7. Nc3 Qh5 8. g4 Bxg4 9. hxg4 Qxh1+ 10. Ke2 Qxd1+ 11. Kxd1 Nf6 12. Nd5 Nxd5 13. Bxd5 Bxf2 14. Bxb7 h5 15. g5 h4 16. Bd2 h3 17. Ke2 Bb6 18. Bxa8 Nd7 19. Bc6 f6 20. b4 Bd4 21. c3 Bb6 22. a4 a6 23. Rh1 Rh5 24. d4 Kd8 25. Bxd7 Kxd7 26. Be3 exd4 27. Bxd4 Bxd4 28. cxd4 fxg5 29. Ng1 h2 30. Nf3 g4 31. Nxh2 g3 32. Kf3 Rxh2 33. Rxh2 gxh2 34. Kg2 Ke6 35. Kxh2 d5 36. e5 Kf5 37. Kg3 g5 38. a5 c6 39. Kf3 g4+ 40. Ke2 g3 41. Kf1 Ke6 42. Kg2 Kf5 43. Kxg3 Ke6 44. Kf4 Kd7 45. Kf5 Ke7 46. e6 Ke8 47. Kf6 1-0

[Event "Loire-ch op"]
[Site "Loire"]
[Date "2004.01.10"]
[Round "2"]
[White "Langlade, Remi"]
[Black "Debernardi, Hippolyte"]
[Result "1-0"]
[WhiteElo "1410"]
[BlackElo "1290"]
[PlyCount "89"]
[EventDate "2004.01.10"]
[EventType "swiss"]
[EventRounds "9"]
[EventCountry "FRA"]
[SourceTitle "EXT 2008"]
[Source "ChessBase"]
[SourceDate "2007.11.25"]
[SourceVersion "1"]
[SourceVersionDate "2007.11.25"]
[SourceQuality "1"]

1. e4 e5 2. Bc4 Nf6 3. d3 Bc5 4. Nf3 Nc6 5. c3 d6 6. Ng5 0-0 7. Qb3 Be6 8. Bxe6 fxe6 9. Nxe6 Qe7 10. Nxf8+ Kxf8 11. Qxb7 Rd8 12. Nd2 Na5 13. Qb5 Bb6 14. b4 Rb8 15. d4 exd4 16. bxa5 dxc3 17. axb6 cxd2+ 18. Bxd2 Qxe4+ 19. Kd1 Rxb6 20. Re1 Qxg2 21. Qa5 Qxf2 22. Qxa7 Qf3+ 23. Re2 Qf1+ 24. Be1 Nd5 25. Qa8+ Kf7 26. Rf2+ Qxf2 27. Bxf2 Rb2 28. Qxd5+ Ke7 29. Bh4+ Kd7 30. Qf5+ Kc6 31. Rc1+ Kb6 32. Qxh7 Rxa2 33. Qb1+ Ka6 34. Qxa2+ Kb7 35. Bg3 Kc8 36. Bxd6 Kd7 37. Bxc7 g5 38. Rb1 Kxc7 39. Qc4+ Kd6 40. Rb5 g4 41. Qc5+ Ke6 42. Qc6+ Ke7 43. Rb6 g3 44. Qc7+ Ke8 45. Rb8# 1-0

[Event "Loire-ch op"]
[Site "Loire"]
[Date "2002.04.27"]
[Round "5"]
[White "Langlade, Remi"]
[Black "Bourgin, Christian"]
[Result "1-0"]
[WhiteElo "1499"]
[BlackElo "1130"]
[PlyCount "53"]
[EventDate "2001.02.??"]
[EventType "swiss"]
[EventRounds "9"]
[EventCountry "FRA"]
[SourceTitle "EXT 2008"]
[Source "ChessBase"]
[SourceDate "2007.11.25"]
[SourceVersion "1"]
[SourceVersionDate "2007.11.25"]
[SourceQuality "1"]

1. e4 c5 2. Nf3 d6 3. Bc4 e6 4. d3 Nf6 5. Nc3 a6 6. e5 Ng4 7. exd6 Qxd6 8. g3 b5 9. Bb3 Bb7 10. Ne4 Qd7 11. Nfg5 f5 12. Bxe6 Qd4 13. Bf7+ Ke7 14. Qf3 g6 15. h3 Ne5 16. Qf4 Nxf7 17. Qc7+ Nd7 18. Qxb7 Bh6 19. Nxf7 Bxc1 20. Nxh8 Rxh8 21. Rxc1 fxe4 22. dxe4 Qxb2 23. Rd1 Qb4+ 24. Rd2 Rd8 25. e5 Ke8 26. e6 Nb8 27. Qf7# 1-0

[Event "Loire-ch op"]
[Site "Loire"]
[Date "2002.04.27"]
[Round "6"]
[White "Treveys, Maxime"]
[Black "Langlade, Remi"]
[Result "1-0"]
[WhiteElo "1630"]
[BlackElo "1499"]
[PlyCount "105"]
[EventDate "2001.02.??"]
[EventType "swiss"]
[EventRounds "9"]
[EventCountry "FRA"]
[SourceTitle "EXT 2008"]
[Source "ChessBase"]
[SourceDate "2007.11.25"]
[SourceVersion "1"]
[SourceVersionDate "2007.11.25"]
[SourceQuality "1"]

1. d4 d5 2. c4 e6 3. cxd5 Qxd5 4. e3 Nf6 5. Nc3 Qa5 6. Bd2 Nd5 7. a3 Qb6 8. Na4 Qd6 9. Nf3 a6 10. Bd3 b5 11. Nc5 f5 12. Ne5 Qb6 13. Qh5+ g6 14. Nxg6 hxg6 15. Qxh8 Nc6 16. b4 Nce7 17. Qh4 Bd7 18. 0-0 0-0-0 19. f3 Bg7 20. Rac1 Qd6 21. Qf2 Rh8 22. h3 e5 23. dxe5 Qxe5 24. e4 fxe4 25. fxe4 Nf6 26. Nxa6 Nc6 27. Bf4 Qe6 28. Nxc7 Qb3 29. Bxb5 Ng4 30. Qf3 Bd4+ 31. Kh1 Qxf3 32. Rxf3 Nf2+ 33. Rxf2 Bxf2 34. Bxc6 Bb6 35. Nd5 Bd8 36. Bb5+ Kb7 37. Bxd7 Rf8 38. Bc6+ Kc8 39. b5 Rf7 40. Be8+ Kb7 41. Bxf7 g5 42. Bg3 Ba5 43. e5 Bd2 44. Rc2 Bf4 45. Nxf4 gxf4 46. Bxf4 Kb6 47. a4 Ka5 48. Bd2+ Kxa4 49. b6 Ka3 50. b7 Ka4 51. b8R Ka3 52. Rcb2 Ka4 53. Ra2# 1-0